Normal view
MARC view
- Mashood Mohammad Mohsan
Entry Personal Name
001 - CONTROL NUMBER
- control field: 106779
003 - CONTROL NUMBER IDENTIFIER
- control field: NUST
005 - DATE AND TIME OF LATEST TRANSACTION
- control field: 20230107123313.0
008 - FIXED-LENGTH DATA ELEMENTS
- fixed length control field: 230107|| aca||aabn | a|a d
040 ## - CATALOGING SOURCE
- Original cataloging agency: NUST
- Transcribing agency: NUST
100 ## - HEADING--PERSONAL NAME
- Personal name: Mashood Mohammad Mohsan
670 ## - SOURCE DATA FOUND
- Source citation: Work cat.: (NUST): Mashood Mohammad Mohsan , TH-SOF-2116-Radiology Report Generation X-ray Images using Transformersfor Chest, 2022.
